<?xml version="1.0" encoding="UTF-8"?>
<record
    xmlns:xsi="http://www.w3.org/2001/XMLSchema-instance"
    xsi:schemaLocation="http://www.loc.gov/MARC21/slim http://www.loc.gov/standards/marcxml/schema/MARC21slim.xsd"
    xmlns="http://www.loc.gov/MARC21/slim">

  <leader>03653cam a2200361 a 4500</leader>
  <controlfield tag="001">15198119</controlfield>
  <controlfield tag="005">20090324094711.0</controlfield>
  <controlfield tag="008">080228s2009    nyua     b    001 0 eng  </controlfield>
  <datafield tag="010" ind1=" " ind2=" ">
    <subfield code="a">2008008802</subfield>
  </datafield>
  <datafield tag="020" ind1=" " ind2=" ">
    <subfield code="a">9780415965200 (hardback : alk. paper)</subfield>
  </datafield>
  <datafield tag="020" ind1=" " ind2=" ">
    <subfield code="a">0415965209 (hardback : alk. paper)</subfield>
  </datafield>
  <datafield tag="020" ind1=" " ind2=" ">
    <subfield code="a">9780415965217 (pbk. : alk. paper)</subfield>
  </datafield>
  <datafield tag="020" ind1=" " ind2=" ">
    <subfield code="a">0415965217 (pbk. : alk. paper)</subfield>
  </datafield>
  <datafield tag="020" ind1=" " ind2=" ">
    <subfield code="a">9780203892596 (ebook)</subfield>
  </datafield>
  <datafield tag="020" ind1=" " ind2=" ">
    <subfield code="a">0203892593 (ebook)</subfield>
  </datafield>
  <datafield tag="035" ind1=" " ind2=" ">
    <subfield code="a">(OCoLC)ocn212893601</subfield>
  </datafield>
  <datafield tag="035" ind1=" " ind2=" ">
    <subfield code="a">(OCoLC)212893601</subfield>
    <subfield code="z">(OCoLC)176946149</subfield>
  </datafield>
  <datafield tag="040" ind1=" " ind2=" ">
    <subfield code="a">DLC</subfield>
    <subfield code="c">DLC</subfield>
    <subfield code="d">BTCTA</subfield>
    <subfield code="d">BAKER</subfield>
    <subfield code="d">YDXCP</subfield>
    <subfield code="d">C#P</subfield>
    <subfield code="d">BWX</subfield>
    <subfield code="d">CDX</subfield>
    <subfield code="d">PMC</subfield>
    <subfield code="d">DLC</subfield>
  </datafield>
  <datafield tag="050" ind1="0" ind2="0">
    <subfield code="a">LB2361</subfield>
    <subfield code="b">.U55 2009</subfield>
  </datafield>
  <datafield tag="082" ind1="0" ind2="0">
    <subfield code="a">378.199</subfield>
    <subfield code="2">22</subfield>
    <subfield code="b">UNI</subfield>
  </datafield>
  <datafield tag="245" ind1="0" ind2="4">
    <subfield code="a">The University and its Disciplines :</subfield>
    <subfield code="b">Teaching and Learning Within and Beyond Disciplinary Boundaries /</subfield>
    <subfield code="c">edited by Carolin Kreber.</subfield>
  </datafield>
  <datafield tag="260" ind1=" " ind2=" ">
    <subfield code="a">New York :</subfield>
    <subfield code="b">Routledge,</subfield>
    <subfield code="c">c2009.</subfield>
  </datafield>
  <datafield tag="300" ind1=" " ind2=" ">
    <subfield code="a">xxiii, 246 p. :</subfield>
    <subfield code="b">ill. ;</subfield>
    <subfield code="c">26 cm.</subfield>
  </datafield>
  <datafield tag="504" ind1=" " ind2=" ">
    <subfield code="a">Includes bibliographical references and index.</subfield>
  </datafield>
  <datafield tag="505" ind1="0" ind2=" ">
    <subfield code="a">Supporting student learning in the context of diversity, complexity and uncertainty / Carolin Kreber -- The modern research university and its disciplines : the interplay between contextual and context-transcendent influences on teaching / Carolin Kreber -- The commons : disciplinary and interdisciplinary encounters / Janet Gail Donald -- Academic disciplines : homes or barricades? / Gary Poole -- Hard and soft : a useful way of thinking about disciplines? Reflections from engineering education on disciplinary identities / Robert G.S. Matthew and Jane Pritchard -- Ways of thinking and practicing in biology and history : disciplinary aspects of teaching and learning environments / Dai Hounsell and Charles Anderson -- Exploring disciplinarity in academic development : do "ways of thinking and practicing" help faculty to think about learning and teaching? / Nicola Reimann -- Opening history's "black boxes" : decoding the disciplinary unconscious of historians / David Pace -- Guiding students into a discipline : the significance of the teacher / Andy Northedge and Jan McArthur -- Diverse student voices within disciplinary discourses / Jan McArthur -- Guiding students into a discipline : the significance of the student's view / Lewis Elton -- Educating students for self-authorship : learning partnerships to achieve complex outcomes / Marcia B. Baxter Magolda -- Supporting student development in and beyond the disciplines : the role of the curriculum / Alan Jenkins -- Constraints to implementing learning partnership models and self-authorship in the arts and humanities / Vicky Gunn -- Beyond epistemological essentialism : academic tribes in the twenty-first century / Paul Trowler -- Exploring teaching and learning regimes in higher education settings / Jo&#xFFFD;elle Fanghanel -- Teaching and learning regimes from within : significant networks as a locus for the social construction of teaching and learning / Torgny Rox&#xFFFD;a and Katarina M&#xFFFD;artensson -- Assessment for career and citizenship / Mantz Yorke -- Teaching within and beyond the disciplines : the challenge for faculty / Velda McCune.</subfield>
  </datafield>
  <datafield tag="650" ind1=" " ind2="0">
    <subfield code="a">Universities and colleges</subfield>
    <subfield code="x">Curricula.</subfield>
    <subfield code="9">4138</subfield>
  </datafield>
  <datafield tag="650" ind1=" " ind2="0">
    <subfield code="a">College teaching.</subfield>
    <subfield code="9">4139</subfield>
  </datafield>
  <datafield tag="650" ind1=" " ind2="0">
    <subfield code="a">Education, Higher</subfield>
    <subfield code="x">Aims and objectives.</subfield>
    <subfield code="9">4140</subfield>
  </datafield>
  <datafield tag="700" ind1="1" ind2=" ">
    <subfield code="a">Kreber, Carolin.</subfield>
    <subfield code="9">4141</subfield>
  </datafield>
  <datafield tag="942" ind1=" " ind2=" ">
    <subfield code="2">ddc</subfield>
    <subfield code="c">BB</subfield>
  </datafield>
  <datafield tag="999" ind1=" " ind2=" ">
    <subfield code="c">11401</subfield>
    <subfield code="d">11401</subfield>
  </datafield>
  <datafield tag="952" ind1=" " ind2=" ">
    <subfield code="0">0</subfield>
    <subfield code="1">0</subfield>
    <subfield code="2">ddc</subfield>
    <subfield code="4">0</subfield>
    <subfield code="7">0</subfield>
    <subfield code="8">MERIC</subfield>
    <subfield code="a">MAIN</subfield>
    <subfield code="b">MAIN</subfield>
    <subfield code="c">1ST</subfield>
    <subfield code="d">2009-04-23</subfield>
    <subfield code="e">purchase</subfield>
    <subfield code="g">274.00</subfield>
    <subfield code="h">9083</subfield>
    <subfield code="l">1</subfield>
    <subfield code="o">378.199 UNI</subfield>
    <subfield code="p">000015556</subfield>
    <subfield code="r">2025-07-15 00:00:00</subfield>
    <subfield code="s">2009-11-11</subfield>
    <subfield code="y">BB</subfield>
  </datafield>
</record>
